000 00750cam a2200217 4500
001 BFIL007056
008 1944 spa
035 _aBFIL007056
050 4 _aPQ6321
_b.C48 C37 1944
100 1 _aCastellanos, Juan de
245 0 _aElegias de varones ilustres de indias /
_cCompuestas por Juan de Castellanos ; ordenadas e ilustradas Buenaventura Carlos Aribau.
260 _aMéxico:
_bAtlas,
_c1944
300 _avi, 563 p. ;
_c27 cm.
440 0 _aBiblioteca de Autores Españoles: desde la formación del len-
440 0 _aguaje hasta nuestros días ; 4
500 _a1 ejemplar
650 4 _aLiteratura Española
650 4 _aPoesia lirica
700 1 _aAribau, Buenaventura Carlos,
_eed
942 _2lcc
_cLIB
999 _c125537
_d125537